| 000 | 00712pam a2200241 a 4500 | ||
|---|---|---|---|
| 999 |
_c7005 _d7005 |
||
| 001 | 1316 | ||
| 003 | BD-DhUAP | ||
| 005 | 20210112122022.0 | ||
| 008 | 210112s1996 ii a 001 0 eng | ||
| 020 | _a8190082809 | ||
| 040 |
_aDLC _cDLC _dBD-DhUAP _beng |
||
| 082 | 0 | 0 |
_a004.165 GAO _223 |
| 100 | 1 | _aGaonkar, Ramesh S. | |
| 245 | 1 | 0 |
_aMicroprocessor architecture, programming, and applications with the 8085 / _cRamesh S. Gaonkar. |
| 250 | _a3rd ed. | ||
| 260 |
_aMumbai : _bPRI, _cc1997. |
||
| 300 |
_axii, 735 pages : _billustrations ; _c25 cm. |
||
| 500 | _aIncludes index. | ||
| 650 | 0 | _aMicroprocessors. | |
| 650 | 0 | _aComputer architecture. | |
| 650 | 0 | _aIntel 8085 (Microprocessor). | |
| 942 |
_2ddc _cBK |
||